Verace Eros Collection - Statistics

General Stats
  • This quiz has been taken 6 times
  • The average score is 5 of 8
Answer Stats
Hint Answer % Correct
A twist with more spices and wood, but with the same citrus and vanilla as the original. Many people say this is the best Versace Eros. The bottle is red. Flame
100%
Citrus version of Versace Eros, very strong lemon scent with hints of other fruits like lime and orange. The bottle is Yellow. Energy
75%
A stronger version of the scent above for men, in this version there is much more citrus with aromatic notes. It is inspired by the cologne above. The bottle is blue like the original Eros EDP/ Eros Eau de Parfum/ EDP
75%
A fruity vanilla scent, it is aromatic and has mint in it. It is the original Versace Eros Eros EDT/ Eros/ EDT
75%
Least popular Versace eros, it has warm spices with a caramel scent with the same citrus and aromatic scent. It also has oud in it. The bottle is a dark yellow. Najim
75%
Released in 2021 and is the strongest version of the original. The only different thing about it is that the amber note is much more strong, but the same blue bottle. Eros Parfum/ Parfum
50%
For women, it is a warm spicy but also floral scent that was released in 2014. Pour Femme
50%
A different Eros scent for women with a more sweet top notes. Pour Femme EDT
25%
No matching quizzes found
Score Distribution
Percent of People with Each Score
Percentile by Number Answered
Your Score History
You have not taken this quiz